[Event "DEM U14w 2018"]
[Site "Willingen GER"]
[Date "2018.05.20"]
[Round "1"]
[White "Ortlepp, Klaudia"]
[Black "Mellugja, Ornela"]
[Result "1-0"]
[Termination "normal"]
[Board "13"]
[WhiteElo "1505"]
[BlackElo "747"]
[WhiteClock "01:12:46"]
[BlackClock "01:08:36"]
[PlyCount "49"]
[WhiteFideId "16206045"]
[BlackFideId "16265998"]
[EventCountry "GER"]
[EventRounds "9"]
[EventType "swiss"]
[EventDate "2018.05.19"]

1. e4 {[%clk 1:30:58]} 1... d5 {[%clk 1:30:40]} 2. exd5 {[%clk 1:31:19]} 2...
Qxd5 {[%clk 1:30:30]} 3. Nc3 {[%clk 1:31:33]} 3... Qe5+ {[%clk 1:29:08]} 4.
Nge2 {[%clk 1:31:11]} 4... Nf6 {[%clk 1:28:03]} 5. d4 {[%clk 1:30:43]} 5... Qd6
{[%clk 1:25:37]} 6. Bf4 {[%clk 1:30:37]} 6... Qe6 {[%clk 1:23:11]} 7. Qd2 {
[%clk 1:27:12]} 7... a6 {[%clk 1:21:52]} 8. O-O-O {[%clk 1:25:18]} 8... Qd7 {
[%clk 1:21:11]} 9. Ng3 {[%clk 1:23:33]} 9... Nc6 {[%clk 1:18:31]} 10. Bc4 {
[%clk 1:21:11]} 10... h6 {[%clk 1:18:00]} 11. d5 {[%clk 1:20:04]} 11... Nb4 {
[%clk 1:17:25]} 12. a3 {[%clk 1:18:25]} 12... g5 {[%clk 1:16:27]} 13. Be5 {
[%clk 1:16:54]} 13... Bg7 {[%clk 1:15:20]} 14. axb4 {[%clk 1:16:39]} 14... b5 {
[%clk 1:14:42]} 15. Bd3 {[%clk 1:13:49]} 15... Nxd5 {[%clk 1:14:32]} 16. Bxg7 {
[%clk 1:13:58]} 16... Kd8 {[%clk 1:14:25]} 17. Bxh8 {[%clk 1:13:56]} 17... Bb7
{[%clk 1:14:03]} 18. Bf5 {[%clk 1:13:04]} 18... Qd6 {[%clk 1:12:27]} 19. Nxd5 {
[%clk 1:13:07]} 19... Bxd5 {[%clk 1:10:54]} 20. Qxd5 {[%clk 1:12:38]} 20... e6
{[%clk 1:10:37]} 21. Bf6+ {[%clk 1:12:42]} 21... Kd7 {[%clk 1:10:09]} 22. Qxa8
h5 23. Qd8+ {[%clk 1:12:45]} 23... Kc6 {[%clk 1:09:18]} 24. Be4+ { [%clk
1:12:46]} 24... Kb6 {[%clk 1:08:36]} 25. Qb8# 1-0

[Event "DEM U14w 2018"]
[Site "Willingen GER"]
[Date "2018.05.20"]
[Round "2"]
[White "Brunner, Sophia"]
[Black "Schnabel, Luise"]
[Result "1-0"]
[Termination "normal"]
[Board "1"]
[WhiteElo "1742"]
[BlackElo "1717"]
[WhiteClock "00:27:40"]
[BlackClock "00:00:33"]
[PlyCount "81"]
[WhiteFideId "12960683"]
[BlackFideId "12943347"]
[EventCountry "GER"]
[EventRounds "9"]
[EventType "swiss"]
[EventDate "2018.05.19"]

1. d4 {[%clk 1:30:57]} 1... Nf6 {[%clk 1:30:35]} 2. Nf3 {[%clk 1:31:03]} 2...
g6 {[%clk 1:30:20]} 3. g3 {[%clk 1:31:02]} 3... Bg7 {[%clk 1:29:29]} 4. Bg2 {
[%clk 1:31:14]} 4... O-O {[%clk 1:28:43]} 5. O-O {[%clk 1:31:31]} 5... d6 {
[%clk 1:27:31]} 6. c4 {[%clk 1:31:09]} 6... c6 {[%clk 1:24:10]} 7. Nc3 { [%clk
1:29:39]} 7... Nbd7 {[%clk 1:21:31]} 8. e4 {[%clk 1:26:10]} 8... e5 { [%clk
1:17:54]} 9. h3 {[%clk 1:23:16]} 9... Re8 {[%clk 1:02:15]} 10. Be3 { [%clk
1:12:28]} 10... exd4 {[%clk 0:55:49]} 11. Nxd4 {[%clk 1:12:43]} 11... Nc5
{[%clk 0:53:53]} 12. Qc2 {[%clk 1:11:16]} 12... Qe7 {[%clk 0:51:29]} 13. Rfe1 {
[%clk 1:06:14]} 13... a5 {[%clk 0:43:17]} 14. b3 {[%clk 0:34:53]} 14... Bd7 {
[%clk 0:30:19]} 15. f3 {[%clk 0:34:08]} 15... Na6 {[%clk 0:21:20]} 16. Rab1 {
[%clk 0:28:28]} 16... Rab8 {[%clk 0:16:26]} 17. a3 {[%clk 0:26:42]} 17... Rec8
{[%clk 0:14:01]} 18. Qe2 {[%clk 0:23:30]} 18... Nc7 {[%clk 0:11:18]} 19. b4 {
[%clk 0:20:00]} 19... axb4 {[%clk 0:10:31]} 20. axb4 {[%clk 0:20:28]} 20... c5
{[%clk 0:07:07]} 21. bxc5 {[%clk 0:20:27]} 21... dxc5 {[%clk 0:07:22]} 22. Ndb5
{[%clk 0:20:26]} 22... Nxb5 {[%clk 0:02:24]} 23. Nxb5 {[%clk 0:20:40]} 23...
Bxb5 {[%clk 0:01:31]} 24. Rxb5 {[%clk 0:21:05]} 24... b6 {[%clk 0:00:53]} 25.
Reb1 {[%clk 0:21:01]} 25... Nd7 {[%clk 0:01:02]} 26. Qc2 {[%clk 0:12:41]} 26...
f5 {[%clk 0:00:52]} 27. Bf4 {[%clk 0:11:58]} 27... Bd4+ {[%clk 0:00:47]} 28.
Kh1 {[%clk 0:12:06]} 28... Rb7 {[%clk 0:00:48]} 29. exf5 {[%clk 0:11:28]} 29...
g5 {[%clk 0:01:08]} 30. Bd2 {[%clk 0:10:06]} 30... Ra7 {[%clk 0:01:10]} 31. Re1
{[%clk 0:05:10]} 31... Qd6 {[%clk 0:00:57]} 32. f4 {[%clk 0:05:05]} 32... Bf2 {
[%clk 0:01:06]} 33. Bd5+ {[%clk 0:04:17]} 33... Kf8 {[%clk 0:01:12]} 34. Re6 {
[%clk 0:03:59]} 34... Qb8 {[%clk 0:01:25]} 35. Kg2 {[%clk 0:02:51]} 35... Bd4 {
[%clk 0:01:33]} 36. Bc3 {[%clk 0:01:19]} 36... gxf4 {[%clk 0:01:39]} 37. Bxd4 {
[%clk 0:01:13]} 37... cxd4 {[%clk 0:02:07]} 38. Qd2 {[%clk 0:00:55]} 38... f3+
{[%clk 0:01:46]} 39. Kf2 {[%clk 0:01:05]} 39... Ra3 {[%clk 0:00:33]} 40. Qh6+ {
[%clk 0:01:17]} 40... Kf7 {[%clk 0:00:33]} 41. Re5# {[%clk 0:27:40]} 1-0

[Event "DEM U14w 2018"]
[Site "Willingen GER"]
[Date "2018.05.20"]
[Round "2"]
[White "Glinzner, Alva"]
[Black "Liu, Sijia Anna"]
[Result "1/2-1/2"]
[Termination "normal"]
[Board "2"]
[WhiteElo "1813"]
[BlackElo "1748"]
[WhiteClock "00:11:57"]
[BlackClock "00:14:19"]
[PlyCount "99"]
[WhiteFideId "16206169"]
[BlackFideId "12989746"]
[EventCountry "GER"]
[EventRounds "9"]
[EventType "swiss"]
[EventDate "2018.05.19"]

1. e4 {[%clk 1:30:59]} 1... c5 {[%clk 1:30:50]} 2. Nc3 {[%clk 1:31:14]} 2...
Nc6 {[%clk 1:29:02]} 3. g3 {[%clk 1:30:52]} 3... g6 {[%clk 1:28:31]} 4. Bg2 {
[%clk 1:30:55]} 4... Bg7 {[%clk 1:28:39]} 5. f4 {[%clk 1:29:07]} 5... e6 {
[%clk 1:26:12]} 6. d3 {[%clk 1:27:30]} 6... Nge7 {[%clk 1:24:35]} 7. Be3 {
[%clk 1:24:47]} 7... Nd4 {[%clk 1:23:35]} 8. Nge2 {[%clk 1:23:53]} 8... O-O {
[%clk 1:21:14]} 9. O-O {[%clk 1:23:52]} 9... d5 {[%clk 1:16:54]} 10. Bf2 {
[%clk 1:17:40]} 10... f5 {[%clk 1:03:28]} 11. e5 {[%clk 1:11:25]} 11... Nec6 {
[%clk 1:02:09]} 12. Na4 {[%clk 1:00:09]} 12... b6 {[%clk 0:58:21]} 13. Nxd4 {
[%clk 0:54:29]} 13... Nxd4 {[%clk 0:56:09]} 14. b4 14... Bd7 {[%clk 0:50:08]}
15. bxc5 {[%clk 0:49:30]} 15... Bxa4 {[%clk 0:47:44]} 16. Bxd4 {[%clk 0:49:54]}
16... Qc7 {[%clk 0:44:38]} 17. cxb6 {[%clk 0:45:24]} 17... axb6 {[%clk 0:44:30]
} 18. Rc1 {[%clk 0:39:09]} 18... Rfc8 {[%clk 0:41:10]} 19. Rf2 {[%clk 0:38:45]}
19... Bf8 {[%clk 0:39:41]} 20. Bb2 {[%clk 0:29:07]} 20... Bb4 {[%clk 0:32:54]}
21. Qe2 {[%clk 0:28:40]} 21... Bc3 {[%clk 0:32:44]} 22. Rb1 {[%clk 0:28:27]}
22... Bd7 {[%clk 0:28:54]} 23. Bxc3 {[%clk 0:22:34]} 23... Qxc3 {[%clk 0:29:02]
} 24. Rb3 {[%clk 0:19:09]} 24... Qa1+ {[%clk 0:27:27]} 25. Qf1 {[%clk 0:17:56]}
25... Qxf1+ {[%clk 0:24:50]} 26. Bxf1 {[%clk 0:18:09]} 26... Rxa2 { [%clk
0:24:27]} 27. c4 {[%clk 0:14:26]} 27... Rxf2 {[%clk 0:21:38]} 28. Kxf2 { [%clk
0:14:51]} 28... dxc4 {[%clk 0:21:33]} 29. dxc4 {[%clk 0:15:13]} 29... Rb8
{[%clk 0:18:39]} 30. Ke3 {[%clk 0:13:24]} 30... Ba4 {[%clk 0:16:59]} 31. Rb4 {
[%clk 0:13:27]} 31... Bc6 {[%clk 0:16:18]} 32. Be2 {[%clk 0:11:18]} 32... Kf7 {
[%clk 0:14:33]} 33. h3 {[%clk 0:07:03]} 33... h6 {[%clk 0:09:52]} 34. g4 {
[%clk 0:06:24]} 34... g5 {[%clk 0:08:44]} 35. Rb1 {[%clk 0:02:13]} 35... Rb7 {
[%clk 0:04:07]} 36. Rg1 {[%clk 0:01:52]} 36... gxf4+ {[%clk 0:02:01]} 37. Kxf4
{[%clk 0:02:10]} 37... fxg4 {[%clk 0:02:12]} 38. Kxg4 {[%clk 0:01:15]} 38... b5
{[%clk 0:01:47]} 39. Kh5 {[%clk 0:00:56]} 39... bxc4 {[%clk 0:01:29]} 40. Bxc4
{[%clk 0:01:19]} 40... Rb4 {[%clk 0:01:32]} 41. Bd3 {[%clk 0:14:48]} 41... Bf3+
{[%clk 0:28:41]} 42. Kxh6 {[%clk 0:15:12]} 42... Rh4+ {[%clk 0:28:54]} 43. Kg5
{[%clk 0:15:38]} 43... Rxh3 {[%clk 0:28:25]} 44. Bg6+ {[%clk 0:14:45]} 44...
Ke7 {[%clk 0:26:05]} 45. Kf4 {[%clk 0:14:13]} 45... Bd5 {[%clk 0:19:40]} 46.
Ra1 {[%clk 0:13:11]} 46... Rf3+ {[%clk 0:17:24]} 47. Kg4 {[%clk 0:13:25]} 47...
Re3 {[%clk 0:16:43]} 48. Ra7+ {[%clk 0:13:15]} 48... Kf8 {[%clk 0:14:26]} 49.
Kf4 {[%clk 0:12:29]} 49... Rf3+ {[%clk 0:14:19]} 50. Kg4 {[%clk 0:11:57]}
1/2-1/2

[Event "DEM U14w 2018"]
[Site "Willingen GER"]
[Date "2018.05.20"]
[Round "2"]
[White "Rudolph, Eva"]
[Black "Ortlepp, Klaudia"]
[Result "1-0"]
[Termination "normal"]
[Board "4"]
[WhiteElo "1760"]
[BlackElo "1505"]
[WhiteClock "00:21:53"]
[BlackClock "00:01:41"]
[PlyCount "55"]
[WhiteFideId "16200594"]
[BlackFideId "16206045"]
[EventCountry "GER"]
[EventRounds "9"]
[EventType "swiss"]
[EventDate "2018.05.19"]

1. e4 {[%clk 1:30:58]} 1... d5 {[%clk 1:30:52]} 2. exd5 {[%clk 1:31:23]} 2...
Nf6 {[%clk 1:31:13]} 3. c4 {[%clk 1:29:52]} 3... c6 {[%clk 1:30:33]} 4. Nc3 {
[%clk 1:28:11]} 4... cxd5 {[%clk 1:29:57]} 5. d4 {[%clk 1:27:27]} 5... e6 {
[%clk 1:29:12]} 6. Nf3 {[%clk 1:27:28]} 6... Nc6 {[%clk 1:27:51]} 7. Bf4 {
[%clk 1:24:04]} 7... Bb4 {[%clk 1:25:38]} 8. Bd3 {[%clk 1:12:55]} 8... dxc4 {
[%clk 1:20:33]} 9. Bxc4 {[%clk 1:10:42]} 9... Ne4 {[%clk 1:14:18]} 10. Qd3 {
[%clk 1:07:04]} 10... Nd6 {[%clk 1:03:20]} 11. Bb3 {[%clk 1:02:05]} 11... Nf5 {
[%clk 0:50:28]} 12. Rd1 {[%clk 0:55:49]} 12... a6 {[%clk 0:41:41]} 13. O-O {
[%clk 0:53:25]} 13... O-O {[%clk 0:39:15]} 14. d5 {[%clk 0:42:54]} 14... Na5 {
[%clk 0:34:46]} 15. Bc2 {[%clk 0:37:29]} 15... Bxc3 {[%clk 0:28:48]} 16. Qxc3 {
[%clk 0:36:48]} 16... Nd6 {[%clk 0:07:38]} 17. Bxd6 {[%clk 0:28:52]} 17... Qxd6
{[%clk 0:07:31]} 18. Qxa5 {[%clk 0:29:01]} 18... b6 {[%clk 0:07:05]} 19. Qc3 {
[%clk 0:29:03]} 19... g6 {[%clk 0:04:08]} 20. dxe6 {[%clk 0:27:09]} 20... Qxe6
{[%clk 0:03:44]} 21. Bb3 {[%clk 0:26:37]} 21... Qf5 {[%clk 0:02:59]} 22. Nd4 {
[%clk 0:25:43]} 22... Qf6 {[%clk 0:03:00]} 23. Qc6 {[%clk 0:23:36]} 23... Qxc6
{[%clk 0:03:23]} 24. Nxc6 {[%clk 0:23:58]} 24... Bb7 {[%clk 0:03:15]} 25. Bd5 {
[%clk 0:23:38]} 25... Bxc6 {[%clk 0:03:15]} 26. Bxc6 {[%clk 0:23:54]} 26...
Rac8 {[%clk 0:02:44]} 27. Rc1 {[%clk 0:22:54]} 27... a5 {[%clk 0:01:41]} 28.
Ba4 {[%clk 0:21:53]} 1-0

[Event "DEM U14w 2018"]
[Site "Willingen GER"]
[Date "2018.05.20"]
[Round "2"]
[White "Kunisch, Nina"]
[Black "Reuter, Elisa"]
[Result "1/2-1/2"]
[Termination "normal"]
[Board "5"]
[WhiteElo "1704"]
[BlackElo "1835"]
[WhiteClock "00:17:36"]
[BlackClock "00:17:21"]
[PlyCount "51"]
[WhiteFideId "12982849"]
[BlackFideId "12995444"]
[EventCountry "GER"]
[EventRounds "9"]
[EventType "swiss"]
[EventDate "2018.05.19"]

1. e4 {[%clk 1:30:57]} 1... c5 {[%clk 1:30:56]} 2. Nf3 {[%clk 1:31:17]} 2... g6
{[%clk 1:31:22]} 3. d4 {[%clk 1:31:29]} 3... cxd4 {[%clk 1:31:48]} 4. Qxd4 {
[%clk 1:31:38]} 4... Nf6 {[%clk 1:32:09]} 5. Nc3 {[%clk 1:30:37]} 5... Nc6 {
[%clk 1:31:30]} 6. Qa4 {[%clk 1:29:55]} 6... d6 {[%clk 1:24:01]} 7. Bg5 { [%clk
1:22:05]} 7... Bg7 {[%clk 1:23:11]} 8. h3 {[%clk 1:15:51]} 8... Bd7 { [%clk
1:22:13]} 9. Qc4 {[%clk 1:08:29]} 9... a6 {[%clk 1:20:26]} 10. Qd3 { [%clk
1:06:27]} 10... Be6 {[%clk 1:18:08]} 11. Be2 {[%clk 1:01:47]} 11... O-O { [%clk
1:18:23]} 12. O-O {[%clk 1:01:31]} 12... b5 {[%clk 1:16:05]} 13. a4 { [%clk
0:55:43]} 13... b4 {[%clk 0:59:09]} 14. Nd5 {[%clk 0:50:13]} 14... Bxd5 { [%clk
0:53:23]} 15. exd5 {[%clk 0:48:24]} 15... Ne5 {[%clk 0:52:57]} 16. Nxe5 { [%clk
0:44:52]} 16... dxe5 {[%clk 0:53:20]} 17. Bf3 {[%clk 0:43:37]} 17... Qd6 {[%clk
0:52:29]} 18. Rad1 {[%clk 0:39:46]} 18... a5 {[%clk 0:49:07]} 19. Rfe1 { [%clk
0:38:29]} 19... Nd7 {[%clk 0:45:45]} 20. Qb5 {[%clk 0:34:02]} 20... Rfb8 {[%clk
0:44:53]} 21. Qc6 {[%clk 0:32:53]} 21... Rc8 {[%clk 0:43:53]} 22. Qb5 { [%clk
0:30:00]} 22... Bf8 {[%clk 0:27:15]} 23. Qe2 {[%clk 0:27:31]} 23... Rc7 { [%clk
0:26:02]} 24. Be4 {[%clk 0:24:02]} 24... Rac8 {[%clk 0:22:51]} 25. Bd3 { [%clk
0:20:13]} 25... f6 {[%clk 0:17:21]} 26. Be3 {[%clk 0:17:36]} 1/2-1/2

[Event "DEM U14w 2018"]
[Site "Willingen GER"]
[Date "2018.05.20"]
[Round "2"]
[White "Wagner, Victoria"]
[Black "Kalina, Lena"]
[Result "1/2-1/2"]
[Termination "normal"]
[Board "6"]
[WhiteElo "1700"]
[BlackElo "1479"]
[WhiteClock "00:18:05"]
[BlackClock "00:27:40"]
[PlyCount "114"]
[WhiteFideId "16232348"]
[BlackFideId "12988014"]
[EventCountry "GER"]
[EventRounds "9"]
[EventType "swiss"]
[EventDate "2018.05.19"]

1. e4 {[%clk 1:30:57]} 1... c5 {[%clk 1:30:54]} 2. Nf3 {[%clk 1:31:17]} 2...
Nc6 {[%clk 1:31:18]} 3. d4 {[%clk 1:31:41]} 3... cxd4 {[%clk 1:31:43]} 4. Nxd4
{[%clk 1:32:05]} 4... g6 {[%clk 1:32:07]} 5. c4 {[%clk 1:32:22]} 5... Nf6 {
[%clk 1:32:16]} 6. Nc3 {[%clk 1:32:36]} 6... d6 {[%clk 1:32:20]} 7. Be2 { [%clk
1:32:29]} 7... Nxd4 {[%clk 1:32:26]} 8. Qxd4 {[%clk 1:32:49]} 8... Bg7 { [%clk
1:32:35]} 9. Bg5 {[%clk 1:32:39]} 9... O-O {[%clk 1:31:19]} 10. Qd2 { [%clk
1:31:32]} 10... a5 {[%clk 1:27:42]} 11. O-O {[%clk 1:30:07]} 11... a4 { [%clk
1:25:27]} 12. Rac1 {[%clk 1:26:54]} 12... Qa5 {[%clk 1:23:20]} 13. b3 { [%clk
1:20:17]} 13... axb3 {[%clk 1:17:37]} 14. axb3 {[%clk 1:20:26]} 14... Be6
{[%clk 1:11:53]} 15. Kh1 {[%clk 1:13:52]} 15... Qa3 {[%clk 1:07:57]} 16. f4 {
[%clk 1:05:54]} 16... Qa5 {[%clk 1:00:53]} 17. Rfd1 {[%clk 0:49:59]} 17... Ng4
{[%clk 0:57:15]} 18. Bxg4 {[%clk 0:47:00]} 18... Bxg4 {[%clk 0:54:38]} 19. Rf1
{[%clk 0:44:54]} 19... f6 {[%clk 0:52:40]} 20. Bh4 {[%clk 0:42:06]} 20... Be6 {
[%clk 0:50:11]} 21. Be1 {[%clk 0:38:54]} 21... Qb6 {[%clk 0:47:37]} 22. Nd5 {
[%clk 0:35:41]} 22... Bxd5 {[%clk 0:43:27]} 23. Qxd5+ {[%clk 0:34:40]} 23...
Kh8 {[%clk 0:43:17]} 24. Rb1 {[%clk 0:32:27]} 24... Qc6 {[%clk 0:39:34]} 25.
Bc3 {[%clk 0:30:18]} 25... Qxd5 {[%clk 0:36:42]} 26. exd5 {[%clk 0:30:11]}
26... Rfc8 {[%clk 0:36:29]} 27. Rfe1 {[%clk 0:27:02]} 27... Rc7 {[%clk 0:33:46]
} 28. Ra1 {[%clk 0:23:02]} 28... Rxa1 {[%clk 0:30:07]} 29. Rxa1 {[%clk 0:23:20]
} 29... Kg8 {[%clk 0:28:47]} 30. Ba5 {[%clk 0:18:17]} 30... Rc8 {[%clk 0:26:48]
} 31. Re1 {[%clk 0:16:04]} 31... Ra8 {[%clk 0:24:59]} 32. Bc3 {[%clk 0:15:02]}
32... Kf7 {[%clk 0:23:44]} 33. Kg1 {[%clk 0:13:37]} 33... Ra3 {[%clk 0:23:04]}
34. Rb1 {[%clk 0:13:30]} 34... Bh6 {[%clk 0:21:01]} 35. g3 {[%clk 0:13:05]}
35... g5 {[%clk 0:20:06]} 36. f5 {[%clk 0:11:27]} 36... g4 {[%clk 0:20:03]} 37.
Kf2 {[%clk 0:10:18]} 37... Ra2+ {[%clk 0:20:16]} 38. Rb2 {[%clk 0:09:36]} 38...
Rxb2+ {[%clk 0:18:25]} 39. Bxb2 {[%clk 0:09:59]} 39... Bd2 {[%clk 0:17:54]} 40.
Ke2 {[%clk 0:05:33]} 40... Bb4 {[%clk 0:16:06]} 41. Kd3 {[%clk 0:04:48]} 41...
Ke8 {[%clk 0:11:01]} 42. Bc3 {[%clk 0:04:24]} 42... Bc5 {[%clk 0:10:12]} 43.
Bd4 {[%clk 0:04:28]} 43... Bxd4 {[%clk 0:08:42]} 44. Kxd4 {[%clk 0:04:48]}
44... Kd7 {[%clk 0:09:06]} 45. b4 {[%clk 0:03:37]} 45... Kc7 {[%clk 0:05:36]}
46. Kc3 {[%clk 0:29:46]} 46... b6 {[%clk 0:32:14]} 47. b5 {[%clk 0:24:30]}
47... Kd8 {[%clk 0:32:03]} 48. Kd3 {[%clk 0:24:42]} 48... Ke8 {[%clk 0:32:10]}
49. Ke3 {[%clk 0:24:48]} 49... Kf8 {[%clk 0:30:15]} 50. Kf4 {[%clk 0:23:24]}
50... h5 {[%clk 0:29:22]} 51. Ke3 {[%clk 0:23:32]} 51... Kg7 {[%clk 0:29:04]}
52. Ke4 {[%clk 0:20:41]} 52... Kh7 {[%clk 0:28:31]} 53. Ke3 {[%clk 0:20:20]}
53... Kh6 {[%clk 0:28:28]} 54. Kf4 {[%clk 0:18:57]} 54... Kg7 {[%clk 0:28:40]}
55. Ke3 {[%clk 0:18:44]} 55... Kh7 {[%clk 0:29:01]} 56. Ke4 {[%clk 0:18:18]}
56... Kg7 {[%clk 0:29:23]} 57. Ke3 {[%clk 0:18:05]} 57... Kh6 {[%clk 0:27:40]}
1/2-1/2

[Event "DEM U14w 2018"]
[Site "Willingen GER"]
[Date "2018.05.20"]
[Round "2"]
[White "Basovskiy, Jana"]
[Black "Pavlov, Liliane"]
[Result "0-1"]
[Termination "normal"]
[Board "7"]
[WhiteElo "1862"]
[BlackElo "1605"]
[WhiteClock "00:00:33"]
[BlackClock "00:00:50"]
[PlyCount "66"]
[WhiteFideId "16208617"]
[BlackFideId "16225449"]
[EventCountry "GER"]
[EventRounds "9"]
[EventType "swiss"]
[EventDate "2018.05.19"]

1. e4 {[%clk 1:30:57]} 1... b6 {[%clk 1:30:44]} 2. Nf3 {[%clk 1:29:12]} 2...
Bb7 {[%clk 1:30:54]} 3. d3 {[%clk 1:29:36]} 3... e6 {[%clk 1:30:50]} 4. g3 {
[%clk 1:29:02]} 4... Nf6 {[%clk 1:30:18]} 5. Nbd2 {[%clk 1:25:59]} 5... c5 {
[%clk 1:24:35]} 6. Bg2 {[%clk 1:24:11]} 6... Be7 {[%clk 1:24:08]} 7. O-O {
[%clk 1:23:47]} 7... O-O {[%clk 1:24:22]} 8. Re1 {[%clk 1:23:37]} 8... Nc6 {
[%clk 1:21:23]} 9. c3 {[%clk 1:17:48]} 9... Qc7 {[%clk 1:16:57]} 10. Qe2 {
[%clk 1:15:11]} 10... Rad8 {[%clk 1:16:20]} 11. Nf1 {[%clk 1:11:52]} 11... Rfe8
{[%clk 1:13:39]} 12. Bd2 {[%clk 1:04:50]} 12... e5 {[%clk 1:09:10]} 13. Ne3 {
[%clk 1:00:25]} 13... d5 {[%clk 1:03:03]} 14. Nh4 {[%clk 0:42:52]} 14... d4 {
[%clk 1:02:10]} 15. Nef5 {[%clk 0:38:48]} 15... dxc3 {[%clk 0:58:41]} 16. Bxc3
{[%clk 0:29:46]} 16... Nd4 {[%clk 0:58:37]} 17. Bxd4 {[%clk 0:29:21]} 17...
cxd4 {[%clk 0:58:36]} 18. Rac1 {[%clk 0:29:41]} 18... Qd7 {[%clk 0:58:31]} 19.
Bh3 {[%clk 0:26:48]} 19... Qb5 {[%clk 0:56:00]} 20. Rc7 {[%clk 0:20:01]} 20...
Bb4 {[%clk 0:55:22]} 21. Rxb7 {[%clk 0:17:00]} 21... Bxe1 {[%clk 0:55:33]} 22.
Qxe1 {[%clk 0:17:29]} 22... Qxd3 {[%clk 0:54:45]} 23. Qc1 {[%clk 0:10:05]}
23... Nxe4 {[%clk 0:42:22]} 24. Qc7 {[%clk 0:08:59]} 24... Qb1+ {[%clk 0:34:15]
} 25. Bf1 {[%clk 0:09:28]} 25... Ng5 {[%clk 0:22:55]} 26. f4 {[%clk 0:05:51]}
26... exf4 {[%clk 0:22:24]} 27. gxf4 {[%clk 0:06:21]} 27... Nf3+ { [%clk
0:01:11]} 28. Kf2 {[%clk 0:01:23]} 28... Qe1+ {[%clk 0:01:07]} 29. Kxf3 { [%clk
0:01:52]} 29... Qxf1+ {[%clk 0:01:28]} 30. Kg3 {[%clk 0:01:11]} 30... Qe1+
{[%clk 0:01:29]} 31. Kf3 {[%clk 0:01:03]} 31... Qe6 {[%clk 0:01:18]} 32. Rxa7
{[%clk 0:00:39]} 32... d3 {[%clk 0:01:33]} 33. Ne7+ {[%clk 0:00:33]} 33... Kh8
{[%clk 0:00:50]} 0-1

[Event "DEM U14w 2018"]
[Site "Willingen GER"]
[Date "2018.05.20"]
[Round "2"]
[White "Khamenya, Vitalia"]
[Black "Ziegenfuß, Antonia"]
[Result "0-1"]
[Termination "normal"]
[Board "8"]
[WhiteElo "1792"]
[BlackElo "1956"]
[WhiteClock "00:01:04"]
[BlackClock "00:13:33"]
[PlyCount "110"]
[WhiteFideId "12959260"]
[BlackFideId "12962554"]
[EventCountry "GER"]
[EventRounds "9"]
[EventType "swiss"]
[EventDate "2018.05.19"]

1. e4 {[%clk 1:30:55]} 1... c5 {[%clk 1:30:56]} 2. d4 {[%clk 1:31:20]} 2...
cxd4 {[%clk 1:31:20]} 3. c3 {[%clk 1:31:42]} 3... dxc3 {[%clk 1:31:21]} 4. Nxc3
{[%clk 1:32:05]} 4... Nc6 {[%clk 1:31:02]} 5. Nf3 {[%clk 1:32:28]} 5... d6 {
[%clk 1:30:53]} 6. Bc4 {[%clk 1:32:46]} 6... a6 {[%clk 1:31:07]} 7. O-O { [%clk
1:32:50]} 7... Nf6 {[%clk 1:31:26]} 8. Bf4 {[%clk 1:32:41]} 8... Bg4 { [%clk
1:31:05]} 9. h3 {[%clk 1:33:03]} 9... Bxf3 {[%clk 1:29:52]} 10. Qxf3 { [%clk
1:33:13]} 10... e6 {[%clk 1:28:50]} 11. Rfd1 {[%clk 1:33:31]} 11... Qb8 { [%clk
1:28:36]} 12. Be2 {[%clk 1:33:30]} 12... Be7 {[%clk 1:17:34]} 13. Qg3 { [%clk
1:32:05]} 13... e5 {[%clk 1:15:21]} 14. Be3 {[%clk 1:30:30]} 14... O-O { [%clk
1:13:49]} 15. Bh6 {[%clk 1:23:39]} 15... Ne8 {[%clk 1:12:50]} 16. Nd5 { [%clk
1:15:22]} 16... Kh8 {[%clk 1:05:12]} 17. Be3 {[%clk 0:58:09]} 17... Bd8 { [%clk
0:55:45]} 18. Nb6 {[%clk 0:45:35]} 18... Bxb6 {[%clk 0:54:40]} 19. Bxb6 { [%clk
0:46:02]} 19... Nf6 {[%clk 0:45:53]} 20. Qd3 {[%clk 0:38:50]} 20... Nd7 { [%clk
0:40:05]} 21. Be3 {[%clk 0:33:06]} 21... Nc5 {[%clk 0:39:03]} 22. Qxd6 { [%clk
0:29:05]} 22... Nxe4 {[%clk 0:33:06]} 23. Qxb8 {[%clk 0:19:59]} 23... Raxb8
{[%clk 0:33:25]} 24. Bf3 {[%clk 0:17:24]} 24... Nf6 {[%clk 0:31:41]} 25. Bc5
{[%clk 0:12:37]} 25... Rfe8 {[%clk 0:29:44]} 26. g4 {[%clk 0:07:40]} 26... h6
{[%clk 0:14:35]} 27. Rac1 {[%clk 0:05:45]} 27... Rbc8 {[%clk 0:13:14]} 28. Re1
{[%clk 0:04:34]} 28... e4 {[%clk 0:07:28]} 29. Bd1 {[%clk 0:03:39]} 29... Ne5
{[%clk 0:04:22]} 30. Be2 {[%clk 0:02:51]} 30... Nd5 {[%clk 0:03:07]} 31. Bd4
{[%clk 0:01:56]} 31... Rxc1 {[%clk 0:03:11]} 32. Rxc1 {[%clk 0:02:25]} 32...
Nf4 {[%clk 0:03:28]} 33. Kf1 {[%clk 0:01:25]} 33... Nc6 {[%clk 0:01:51]} 34.
Be3 {[%clk 0:01:13]} 34... Nd5 {[%clk 0:01:14]} 35. Bc4 {[%clk 0:00:53]} 35...
Nxe3+ {[%clk 0:01:26]} 36. fxe3 {[%clk 0:01:21]} 36... Ne5 { [%clk 0:01:01]}
37. Bd5 {[%clk 0:01:07]} 37... Nd3 {[%clk 0:01:09]} 38. Rc7 { [%clk 0:01:03]}
38... Nxb2 {[%clk 0:00:42]} 39. Rxb7 {[%clk 0:01:00]} 39... Nd1 {[%clk
0:00:38]} 40. Ke1 {[%clk 0:00:42]} 40... Nxe3 {[%clk 0:01:04]} 41. Bxf7 {[%clk
0:30:07]} 41... Rf8 {[%clk 0:18:30]} 42. Bg6 {[%clk 0:28:47]} 42... Ng2+ {[%clk
0:16:56]} 43. Kd1 {[%clk 0:25:14]} 43... e3 {[%clk 0:15:48]} 44. Bf5 { [%clk
0:05:47]} 44... Re8 {[%clk 0:13:03]} 45. Rb2 {[%clk 0:05:22]} 45... Nf4 { [%clk
0:13:18]} 46. Re2 {[%clk 0:01:12]} 46... Nxe2 {[%clk 0:11:47]} 47. Kxe2 { [%clk
0:01:40]} 47... g5 {[%clk 0:12:07]} 48. Bd3 {[%clk 0:01:25]} 48... a5 { [%clk
0:12:32]} 49. a4 {[%clk 0:01:14]} 49... Kg7 {[%clk 0:12:52]} 50. Bf5 { [%clk
0:00:59]} 50... Kf6 {[%clk 0:13:10]} 51. Bd3 {[%clk 0:00:48]} 51... Re5 { [%clk
0:13:18]} 52. Kf3 {[%clk 0:01:04]} 52... Ke6 {[%clk 0:13:07]} 53. Bc4+ { [%clk
0:00:43]} 53... Kd6 {[%clk 0:13:28]} 54. Bb5 {[%clk 0:00:38]} 54... Rxb5 {[%clk
0:13:06]} 55. axb5 {[%clk 0:01:04]} 55... a4 {[%clk 0:13:33]} 0-1